NBA Players' College Teams 2 - Statistics

General Stats
  • This quiz has been taken 457 times
  • The average score is 6 of 15
Answer Stats
Hint Answer % Correct
Emeka Okafor Connecticut
73%
Zach Randolph Michigan State
67%
Penny Hardaway Memphis
60%
Lamar Odom Rhode Island
48%
Stromile Swift LSU
43%
Jameer Nelson St. Joseph's
42%
Jared Dudley Boston College
38%
Bryant Reeves Oklahoma State
38%
Kenny Anderson Georgia Tech
36%
Steve Novak Marquette
31%
Byron Scott Arizona State
29%
Eddie Jones Temple
24%
Erick Dampier Mississippi State
22%
Will Perdue Vanderbilt
16%
Joe Dumars McNeese St.
14%
No matching quizzes found
Score Distribution
Percent of People with Each Score
Percentile by Number Answered
Your Score History
You have not taken this quiz